00776nam a22002537a 45000010005000000030006000050050017000110080041000280200015000690400029000840500014001130820011001271000018001382450033001562500043001892600037002323000060002695050008003295200095003375210020004325210020004526000024004726500026004963187FISKH20240216094825.0240216b cb ||||| |||| 00| 0 eng d a0590478745 aFISKHbengcFISKHdFISKH aQL458.G53 a595.44 aGibbons, Gail aSpiders / bby Gibbons, Gail aFirst Scholastic printing , March 1994 aNew York : bScholastic , c1993 a29 unnumbered pages : bcolor illustrations ; c22 cm.  aN  aExamines the physical characteristics, behavior, habitats, and different kinds of spiders.8 a580 bLexile 8 aN bRaz-Plus  2bugs vnon-fiction  ainsects vnon-fiction